Development Projects and Displaced Tribal: An Emprical Study/ (Record no. 188383)

MARC details
000 -LEADER
fixed length control field 00587nam a22001817a 4500
005 - DATE AND TIME OF LATEST TRANSACTION
control field 20220519173451.0
010 ## - LCCN (DPL NO)
LC control number ENG-132727
020 ## - INTERNATIONAL STANDARD BOOK NUMBER
International Standard Book Number 9789380705071
Terms of availability 595.00
035 ## - SYSTEM CONTROL NUMBER
System control number EN-116259
037 ## - SOURCE OF ACQUISITION
Source of stock number/acquisition DBAD/PUB
082 ## - DEWEY DECIMAL CLASSIFICATION NUMBER
Classification number 307.14120954
100 ## - MAIN ENTRY--PERSONAL NAME
Personal name Ota, A.B.
245 ## - TITLE STATEMENT
Title Development Projects and Displaced Tribal: An Emprical Study/
Statement of responsibility, etc A.B. Ota
260 ## - PUBLICATION, DISTRIBUTION, ETC. (IMPRINT)
Place of publication, distribution, etc Bhubaneswar
Name of publisher, distributor, etc Scheduled Cases and Scheduled Tribes Research & Training Institute
Date of publication, distribution, etc 2010
270 ## - ADDRESS
City Bhubaneswar
Postal code 751003
300 ## - PHYSICAL DESCRIPTION
Extent 219p.
Other physical details Index
Dimensions 22cm(hbk)
942 ## - ADDED ENTRY ELEMENTS (KOHA)
Source of classification or shelving scheme Dewey Decimal Classification
Item type English Books
Classification part 307.14120954
Call number suffix OTA
Holdings
Withdrawn status Lost status Not for loan Collection code Home library Current library Date acquired Source of acquisition Cost, normal purchase price Full call number Barcode Copy number Cost, replacement price Koha item type
      Non-fiction Patel Nagar Patel Nagar 19/05/2022 DBAD/PUB 595.00 307.14120954 OTA EN-116259 1 595.00 English Books

© Delhi Public Library
Hit Counter
free hit counter